Central Library OPAC University of Rajshahi

English essays of today / (Record no. 25326)

MARC details
000 -LEADER
fixed length control field 00648nam a22002057a 4500
001 - CONTROL NUMBER
control field 25326
003 - CONTROL NUMBER IDENTIFIER
rucl marc code BD-RjUL
005 - DATE AND TIME OF LATEST TRANSACTION
control field 20211209050849.0
008 - FIXED-LENGTH DATA ELEMENTS--GENERAL INFORMATION
fixed length control field 140318r19511936enk||||| |||| 00| 0 eng d
035 ## - SYSTEM CONTROL NUMBER
System control number (BD-RjUL)25395
040 ## - CATALOGING SOURCE
Original cataloging agency BD-RjUL
Language of cataloging eng
Transcribing agency BD-RjUL
Modifying agency BD-RjUL
041 ## - LANGUAGE CODE
Language code of text/sound track or separate title eng
082 00 - DEWEY DECIMAL CLASSIFICATION NUMBER
Edition number 19
Classification number 824
Author mark and year ENE 1951
110 2# - MAIN ENTRY--CORPORATE NAME
Corporate name or jurisdiction name as entry element English Association.
9 (RLIN) 77870
245 ## - TITLE STATEMENT
Title English essays of today /
Statement of responsibility, etc. English Association.
260 ## - PUBLICATION, DISTRIBUTION, ETC. (IMPRINT)
Place of publication, distribution, etc. London; New York :
Name of publisher, distributor, etc. Pub. for the English Association by the Oxford University Press,
Date of publication, distribution, etc. 1936 [IMPRESSION 1951].
300 ## - PHYSICAL DESCRIPTION
Pagination viii, 230 p. ;
Size 19 cm.
650 #7 - SUBJECT ADDED ENTRY--TOPICAL TERM
Topical term or geographic name as entry element English essays.
9 (RLIN) 77869
942 ## - ADDED ENTRY ELEMENTS (KOHA)
Source of classification or shelving scheme Dewey Decimal Classification
Koha item type Books
Holdings
Lost status Source of classification or shelving scheme Damaged status Not for loan Collection code Permanent Location Current Location Shelving location Date acquired Source of acquisition Total Checkouts Full call number Date last seen Copy number Koha item type
  Dewey Decimal Classification   Added to bundle Non-fiction Central Library, University of Rajshahi Central Library, University of Rajshahi Reading Room 25/01/1958 V. C. R. U.   824 ENE 1951 18/03/2014 C-1 Books